Joueurs de football par transferts - Statistiques

Statistiques générales
  • Ce quiz a été pris 14 259 fois
  • Le résultat moyen est 9 sur 20
Statistiques - réponses
Transferts Joueur % Correct
AS Cannes → Girondins de Bordeaux → Juventus → Real Madrid → Fin de carrière Zinédine Zidane
89%
PSV Eindhoven → Manchester United → Olympique lyonnais → FC Barcelone Memphis Depay
85%
KRC Genk → Chelsea FC → Atlético de Madrid → Real Madrid Thibaut Courtois
69%
UJA Alfortville → Toulouse FC → Séville FC → AS Monaco Wissam Ben Yedder
63%
Hambourg SV → Bayer Leverkusen → Tottenham Son Heung-min
61%
Parme → Juventus → PSG → Juventus → Parme Gianluigi Buffon
60%
FC Groningue → Celtic FC → Southampton → Liverpool Virgil van Dijk
53%
SC Corinthians → Girondins de Bordeaux → FC Barcelone → Zénith St-Pétersbourg Malcom
51%
Santos FC → New York Cosmos → Fin de carrière Pelé
51%
Real Saragosse → Athletic Bilbao → Machester United → Paris Saint-Germain Ander Herrera
46%
Vfb Stuttgart → RB Leipzig → Chelsea FC Timo Werner
45%
Dukla Prague → Sparta Prague → Lazio Rome → Juventus → Fin de carrière Pavel Nedvěd
39%
Instituto de Córdoba → US Palerme → Juventus Paulo Dybala
33%
Le Mans FC → Montpellier HSC → Olympique de Marseille → Aston Villa Morgan Sanson
30%
Sporting CP → Wolverhampton → AS Rome Rui Patricio
29%
Vfl Bochum → Schalke 04 → Bayern Munich Leon Goretzka
23%
Ajax Amsterdam → Tottenham → Inter Milan Christian Eriksen
22%
FC Metz → KRC Genk → SSC Naples Kalidou Koulibaly
22%
FC Barcelone → Brescia → AS Rome → Al Ahli SC → Sinaloa → Fin de carrière Pep Guardiola
7%
Dynamo Dresde → Vfb Stuttgart → Inter Milan → Borussia Dortmund → Fin de carrière Matthias Sammer
2%
Aucun quiz correspondant
Distribution des résultats
% des personnes avec chaque résultat
Percentile par nombre de réponses
Votre historique - résultats
Vous n’avez pas pris ce quiz